Name every Reneé Rapp song - Statistics

General Stats
  • This quiz has been taken 618 times
  • The average score is 23 of 29
Answer Stats
Everything to everyone % Correct
Snow angel
97%
Everything to everyone
90%
In the kitchen
89%
Pretty girls
84%
Talk too much
84%
Tummy Hurts
83%
Tummy hurts feat. Coco Jones
83%
Tattoos
82%
Not my fault feat. Megan thee Stalion
81%
World Burn
81%
Colorado
80%
Gemini moon
79%
Moon
79%
23
78%
I hate Boston
78%
Poison Poison
78%
Swim
78%
Too well
78%
Bruises
77%
Don't tell my Mom
77%
I do
76%
The wedding song
76%
I wish
74%
Willow
74%
Meet the Plastics
70%
Messy
69%
Someone gets hurt
67%
What can i do
67%
So what now
64%
No matching quizzes found
Score Distribution
Percent of People with Each Score
Percentile by Number Answered
Your Score History
You have not taken this quiz